| 000 | 01078cam a2200229 4500 | ||
|---|---|---|---|
| 001 | WB3917-03 | ||
| 008 | 030506n2003 000 0 eng u | ||
| 035 | _a(Sirsi) u122198 | ||
| 245 | _aDesigners unaware of CDM duties | ||
| 260 | _c2003 | ||
| 490 |
_aHSE News Release _v(EO66:03) 2 May 2003 (3) |
||
| 520 | _aArchitects and construction design professionals will be targeted by the Health and Safety Executive (HSE) as it makes Construction and Design Management (CDM) enforcement a priority over the next 12 months. A recent HSE pilot study revealed that of the 123 sites visited, one third of designers were ignorant of their duties under Regulation 13 of the Construction (Design & Management) Regulations 1994 (CDM). http://www.gnn.gov.uk/gnn/national.nsf/Daily+News/2BA9D5A1B0AEFF4780256D1A0040AB40?opendocument | ||
| 590 | _aWB | ||
| 650 | _aHSE | ||
| 650 | _aCDM REGULATIONS | ||
| 650 | _aDESIGNERS | ||
| 650 | _aCONSULTANTS LIABILITIES | ||
| 650 | _aSITE SAFETY | ||
| 650 | _aENFORCEMENT | ||
| 690 | _aBUILT ENVIRONMENT-BUILDING STANDARDS | ||
| 942 | _n0 | ||
| 999 |
_c72626 _d72626 |
||